00858pam a2200277 a 4500001000500000005001700005020001500022040002300037050002100060082001400081100001800095245004200113250004200155260003500197300006000232505000800292520008900300521002000389521002000409650003200429650003300461650004600494650001100540650001700551650001200568267220250819121919.0 a0590638920 aDLCcDLCdDLCbeng00aTX799.D46b 199100a641.656771 aGibbons, Gail10aFrom seed to plant /cby Gail Gibbons aFirst Scholastic printing, March 1999 aNew York :bScholastic ,c1991 a30 unnumbered pages : bcolor illustrations ; c21 cm.  aN  aExplores the intricate relationship between seeds and the plants which they produce. a560 bLexile  aN bRaz-Plus  0aSeedsxJuvenile literature. 0aPlantsxJuvenile literature. 0aPlantsxDevelopmentxJuvenile literature. 1aSeeds. 1aGermination. 1aPlants.